000
00325nam a22001337a 4500
020
_a
9789353917487
082
_a
294.54 RAV
100
_a
Ravi
245
_a
Religion!: A Kindergarten to Spirituality
260
_a
Bangalore
_b
AiR Institute of Realization
_c
2019
300
_a
151
650
_a
Hindu Philosophy
942
_c
BK
999
_c
23174
_d
23174